Men & Mountains Click Quiz - Statistics

General Stats
  • This quiz has been taken 106 times
  • The average score is 9 of 15
Answer Stats
Hint Answer % Correct
Zeus Olympus
96%
Washington, Jefferson, Roosevelt & Lincoln Rushmore
94%
Sir Edmund Hilary Everest
87%
Hannibal The Alps
84%
Noah Ararat
77%
Moses Sinai
74%
Sauron Doom
63%
Heimdall Himinbiörg
56%
Dante Purgatorio
56%
Shiva Kailash
49%
Pliny the Younger Vesuvius
47%
Bodhisattva Avalokiteśvara Potalaka
40%
Hans Castorp "The Magic Mountain"
33%
Sengen (Goddess) Fuji
29%
Merlin Killaraus
7%
No matching quizzes found
Score Distribution
Percent of People with Each Score
Percentile by Number Answered
Your Score History
You have not taken this quiz